000
00225nam a2200097Ia 4500
008
190216s9999||||xx |||||||||||||| ||und||
100
_a
Adhappa Shave
245
0
_a
Agola Engineering
260
_b
Kerala Basha Inst
942
_c
BK
999
_c
39441
_d
39441